| 000 | 00492nam a22001937a 4500 | ||
|---|---|---|---|
| 003 | MPLRDC | ||
| 005 | 20220104125616.0 | ||
| 008 | 210129b ||||| |||| 00| 0 eng d | ||
| 020 | _a7-5087-1361-3 | ||
| 082 | _a539.52 HJC | ||
| 100 | _a黄景春 | ||
| 245 |
_a民间传说 _c |
||
| 250 | _a一版一刷 | ||
| 260 |
_a中国 _b中国社会出版社 _c2006 |
||
| 300 | _b205 | ||
| 490 | _a中国民俗文化丛书 | ||
| 650 | _a中国民间故事文学研究 | ||
| 942 |
_cBK _o539.52 HJC |
||
| 999 |
_c28715 _d28705 |
||